00442nam a2200145 a 450000500170000000800410001702000150005805000290007310000240010224500470012626000410017330000200021450000420023465000200027620140310183227.0040308s19uu xx 00 eng d a0345325613 aPS 3553.H247b.C436 1987 aChalker, Charles L. aPirates of the thunder /cJack L. Chalker. aNew York :bBallantine Books,c1987. a307 p. :c17cm. a"Book two of the rings of the master" aFantasy Fiction